000
00287nam a2200109Ia 4500
008
190125s9999 xx 000 0 und d
082
_a
625.85 ASP
_b
625.85 ASP
100
_a
Asphalt Institute
_9
13181
245
_a
The Asphalt Handbook
260
_b
Asphalt Institute:USA
260
_c
1989
999
_c
522906
_d
522906